| Tag |
First Indicator |
Second Indicator |
Subfields |
| LEADER |
00000cam a2200000 a 4500 |
| 001 |
in00000028012 |
| 005 |
20151007054708.0 |
| 008 |
860915s1987 nyua j 00011 eng |
| 010 |
|
|
|a 86025660
|
| 020 |
|
|
|a 0688071414
|
| 020 |
|
|
|a 0688071422 (lib. bdg.)
|
| 035 |
|
|
|a (OCoLC)14359639
|
| 035 |
|
|
|9 AAB5963AM
|
| 040 |
|
|
|a DLC
|c DLC
|d TXA
|d UtOrBLW
|
| 049 |
|
|
|a [Curr Col] TXAM
|c [A11114584]
|
| 050 |
0 |
0 |
|a PZ7.C6628
|b Do 1987
|
| 082 |
0 |
|
|a [E]
|2 19
|
| 100 |
1 |
|
|a Cohen, Miriam.
|
| 245 |
1 |
0 |
|a Don't eat too much turkey! /
|c Miriam Cohen ; pictures by Lillian Hoban.
|
| 250 |
|
|
|a 1st ed.
|
| 264 |
|
1 |
|a New York :
|b Greenwillow Books,
|c [1987]
|
| 264 |
|
4 |
|c ©1987
|
| 300 |
|
|
|a 32 unnumbered pages :
|b color illustrations ;
|c 19 cm.
|
| 336 |
|
|
|a text
|b txt
|2 rdacontent
|
| 337 |
|
|
|a unmediated
|b n
|2 rdamedia
|
| 338 |
|
|
|a volume
|b nc
|2 rdacarrier
|
| 520 |
|
|
|a The first graders get tired of Anna Maria's bossy ways during the Thanksgiving preparations.
|
| 650 |
|
1 |
|a Schools
|x Fiction.
|
| 650 |
|
1 |
|a Thanksgiving Day
|x Fiction.
|
| 700 |
1 |
|
|a Hoban, Lillian,
|e illustrator.
|
| 999 |
|
|
|a MARS
|
| 999 |
f |
f |
|s 9d00e7f8-5174-3787-8c75-0d513d8c2a07
|i 4a6608d5-caff-371b-955c-52cf40d905c4
|t 0
|
| 952 |
f |
f |
|p normal
|a Texas A&M University
|b College Station
|c Sterling C. Evans Library
|d Evans: Curriculum Collection (4th floor)
|t 0
|e PZ7.C6628 Do 1987
|h Library of Congress classification
|i unmediated -- volume
|m A14811114584
|
| 998 |
f |
f |
|a PZ7.C6628 Do 1987
|t 0
|l Evans: Curriculum Collection (4th floor)
|